000 01920nam a2200517 i 4500
001 9274
003 KOSZ 005
005 20240405063000.0
008 070720s1970 pl f 000 0 pol
015 _aPB 1970/7585
035 _a(PL-WaBN)b19466778-48omnis_nlop
035 _ab19466778
035 _a(OCoLC)839074195
035 _a(PL)b0000001946677
040 _aWA N
_cWA N
_dKOSZ 005/RW
_dKOSZ 005/HR
041 0 _apol
_beng
_brus
046 _k1970
080 _a316(438)
080 _a378.22(438)
100 1 _aManikowski, Edward
_eAutor
245 1 0 _aProcesy adaptacji absolwentów wyższych uczelni zamieszkałych w koszalińskiem /
_cEdward Manikowski ; Ministerstwo Oświaty i Szkolnictwa Wyższego.
260 _aWarszawa :
_bPaństwowe Wydawnictwo Naukowe,
_c1970.
300 _a76, [1] stron ;
_c24 cm.
336 _aTekst
_btxt
_2rdacontent
337 _aBez urządzenia pośredniczącego
_bn
_2rdamedia
338 _aWolumin
_bnc
_2rdacarrier
380 _aKsiążki
380 _aPublikacje naukowe
388 _a1901-2000
490 1 _aRaporty z Badań / Międzyuczelniany Zakład Badań nad Szkolnictwem Wyższym
546 _aStreszczenie w języku rosyjskim i angielskim.
650 7 _aAbsolwenci szkół wyższych
_2DBN
658 _aSocjologia i społeczeństwo
658 _aEdukacja i pedagogika
655 7 _aRaport z badań
650 7 _aSocjologia
648 7 _a1901-2000
_2DBN
651 7 _aPolska
651 7 _aKoszalin (woj. zachodniopomorskie)
_2DBN
648 7 _a1945-1989
_2DBN
710 2 _aPaństwowe Wydawnictwo Naukowe
_4pbl.
830 0 _aRaporty z Badań - Międzyuczelniany Zakład Badań nad Szkolnictwem Wyższym.
856 _uhttp://koha.tu.koszalin.pl/cgi-bin/koha/opac-detail.pl?biblionumber=9274
_yKatalog online BPK
942 _2UKD
_cKS
999 _c9274
_d9274